الفكر التاريخي عند الإغريق / (Record no. 14615)

MARC details
000 -الفاتح
حقل البيانات ثابتة الطول 01438nam a2200325 i 4500
003 - محدد رقم الضبط
رقم الضبط EG-ScBUE
005 - وقت وتاريخ اخر تعامل مع التسجيلة
رقم الضبط 20240708115357.0
008 - عناصر البيانات ثابتة الطول - معلومات عامة
حقل البيانات ثابتة الطول 100805s1966 ua f b 000 0 ara d
040 ## - مصدر الفهرسة
وكالة الفهرسة الأصلية EG-ScBUE
لغة الفهرسة ara
قواعد الوصف rda
وكالة النسخ EG-ScBUE
وكالة التعديل EG-ScBUE
041 1# - رمز اللغة
رمز لغة النص/ المسارات الصوتية أو العنوان الانفرادي ara
رمز لغة الترجمات و/او الاصلية المتوسطة للنص eng
082 04 - رقم تصنيف ديوى العشرى
رقم التصنيف 938
رقم المادة ت و ي
رقم الطبعة 22
100 1# - المدخل الرئيسى - إسم شخصى
9 (RLIN) 17084
الإسم الشخصى توينبي، أرنولد،
التواريخ المصاحبة للاسم 1889-1975‏،
الدور مؤلف.
240 10 - العنوان الموحد
عنوان موحد Greek historical thought.
لغة العمل Arabic
245 12 - بيان العنوان
العنوان الفكر التاريخي عند الإغريق /
بيان المسئوليه,etc تأليف أرنولد توينبى ؛ ترجمة لمعي المطيعي ؛ مراجعة دكتور محمد صقر خفاجة.
264 #1 - النشر، التوزيع
مكان الناشر او الموزع القاهرة :
اسم الناشر او الموزع مكتبة الأنجلو المصرية،
تاريخ النشر أو التوزيع 1966.
300 ## - الوصف المادى
التعداد 258 صفحة ؛
أبعاد الوعاء 24 سم.
336 ## - نوع المحتوى
source rdacontent
Carrier Type Term نص
Content Type Code txt
337 ## - نوع الوسيط
Media Type Term بدون وسيط
source rdamedia
Media Type Code n
338 ## - نوع الحامل أو الناقل
Carrier Type Term مجلد
Carrier Type Code nc
source rdacarrier
490 0# - بيان السلسلة
عنوان السلسلة الألف كتاب ؛
رقم المجلد/ التعيين التسلسلي 567
504 ## - تبصرة ببليوجرافية
تبصرة ببليوجرافية,الخ يشتمل على إرجاعات ببليوجرافية.
541 ## - تبصرة المصدر المباشر للتزويد
مصدر التزويد ؛ألف باء
طريقة التزويد ؛شراء
546 ## - تبصرة اللغة
تبصرة اللغة النص باللغة العربية وتم ترجمته من اللغة الإنجليزية.
650 #7 - المدخل الاضافى بالموضوع-مصطلح موضوعى
9 (RLIN) 16319
مصطلح موضوعي أو اسم جغرافي كعنصر مدخل الحضارة الإغريقية.
مصدر الرأس أو المصطلح BUEsh
650 #7 - المدخل الاضافى بالموضوع-مصطلح موضوعى
9 (RLIN) 8374
مصطلح موضوعي أو اسم جغرافي كعنصر مدخل الحضارة الهلينية.
مصدر الرأس أو المصطلح BUEsh
655 ## - مصطلح تكشيفى-نوع/شكل
التقسيم الفرعي الشكلي Reading book
700 1# - المدخل الاضافى - اسم شخصى
9 (RLIN) 17086
الإسم الشخصى مطيعي، لمعي،
الدور مترجم.
700 1# - المدخل الاضافى - اسم شخصى
9 (RLIN) 17087
الإسم الشخصى خفاجة، محمد صقر،
الدور مراجع.
942 ## - عناصر المدخل الإضافي( كوها)
مصدر التصنيف او مخطط الترفيف Dewey Decimal Classification
Koha [default] item type Book - Borrowing
Holdings
حالة التراجع حالة الفقد مصدر التصنيف او خطة الترفيف حالة تلف ليس للاعارة مجموعات كوها المكان الدائم المكان الحالي موقع الترفيف تاريخ الاكتساب Source of acquisition رقم الاستدعاء الباركود Date last seen نوع الوعاء
    Dewey Decimal Classification     Alef-Baa Central Library Central Library Second Floor 05/08/2010 Purchase 938 ت و ي 000021655 15/07/2025 Book - Borrowing